|
|
|
|
| LEADER |
00919cam a2200241 7i4500 |
| 001 |
0000026239 |
| 005 |
20170218090000.0 |
| 022 |
|
|
|a 0740-7459
|
| 090 |
0 |
0 |
|a QA76.75
|b .I34
|
| 245 |
0 |
0 |
|a IEEE Software.
|
| 260 |
|
|
|a Los Alamitos, CA:
|b IEEE Computer Society,
|c 2005-.
|
| 300 |
|
|
|a v.:
|b ill.;
|c 28 cm.
|
| 310 |
|
|
|a Bimonthly
|
| 500 |
|
|
|a Library has: Jan-Dec 2005; Jan-Dec 2006; Jan-Dec 2007; Jan-April 2008; Stop subscription
|
| 650 |
0 |
0 |
|a Bound journal
|
| 650 |
0 |
0 |
|a Computer software
|
| 650 |
0 |
0 |
|a Computer programming
|
| 710 |
2 |
|
|a IEEE Computer Society
|
| 997 |
|
|
|a Communication, Visual Art & Computing, Faculty
|b Computing, Department
|
| 999 |
|
|
|a SER0000077
|b SERIALS
|c SERIALS
|e Serial Room, Bestrai Jaya
|
| 999 |
|
|
|a SER0000131
|b SERIALS
|c SERIALS
|e Serial Room, Bestrai Jaya
|
| 999 |
|
|
|a SER0000526
|b SERIALS
|c SERIALS
|e Serial Room, Bestrai Jaya
|
| 999 |
|
|
|a SER0000659
|b SERIALS
|c SERIALS
|e Serial Room, Bestrai Jaya
|